<?xml version="1.0" encoding="UTF-8"?><?xml-stylesheet type="text/xsl" href="static/style.xsl"?><OAI-PMH xmlns="http://www.openarchives.org/OAI/2.0/" xmlns:xsi="http://www.w3.org/2001/XMLSchema-instance" xsi:schemaLocation="http://www.openarchives.org/OAI/2.0/ http://www.openarchives.org/OAI/2.0/OAI-PMH.xsd"><responseDate>2026-04-14T02:24:23Z</responseDate><request verb="GetRecord" identifier="oai:www.recercat.cat:10230/25239" metadataPrefix="marc">https://recercat.cat/oai/request</request><GetRecord><record><header><identifier>oai:recercat.cat:10230/25239</identifier><datestamp>2025-12-13T20:50:15Z</datestamp><setSpec>com_2072_6</setSpec><setSpec>col_2072_452954</setSpec></header><metadata><record xmlns="http://www.loc.gov/MARC21/slim" xmlns:dcterms="http://purl.org/dc/terms/" xmlns:xsi="http://www.w3.org/2001/XMLSchema-instance" xmlns:doc="http://www.lyncode.com/xoai" xsi:schemaLocation="http://www.loc.gov/MARC21/slim http://www.loc.gov/standards/marcxml/schema/MARC21slim.xsd">
   <leader>00925njm 22002777a 4500</leader>
   <datafield ind2=" " ind1=" " tag="042">
      <subfield code="a">dc</subfield>
   </datafield>
   <datafield ind2=" " ind1=" " tag="720">
      <subfield code="a">Cuenca Córcoles, Cèlia</subfield>
      <subfield code="e">author</subfield>
   </datafield>
   <datafield ind2=" " ind1=" " tag="260">
      <subfield code="c">2015-11-26T15:16:37Z</subfield>
   </datafield>
   <datafield ind2=" " ind1=" " tag="260">
      <subfield code="c">2015-11-26T15:16:37Z</subfield>
   </datafield>
   <datafield ind2=" " ind1=" " tag="260">
      <subfield code="c">2015</subfield>
   </datafield>
   <datafield ind2=" " ind1=" " tag="520">
      <subfield code="a">Treball de fi de grau d&amp;apos;Humanitats. Curs 2014-2015</subfield>
   </datafield>
   <datafield ind2=" " ind1=" " tag="520">
      <subfield code="a">Directora: Núria F. Rius</subfield>
   </datafield>
   <datafield ind2=" " ind1=" " tag="520">
      <subfield code="a">Codirectora: María de los Santos García Felguera</subfield>
   </datafield>
   <datafield ind2=" " ind1=" " tag="520">
      <subfield code="a">El present treball té com a objecte d&amp;apos;estudi la figura d&amp;apos;Onofre Alsamora, artista català del segle XIX format a l&amp;apos;Escola de la Llotja de Barcelona. Un cop presentada la seva figura i esbossat el marc cronològic en el que s&amp;apos;inscriu, l&amp;apos;estructura del treball es divideix en quatre apartats principals que responen al seu recorregut professional i les principals àrees en les que es pot agrupar la seva obra. D&amp;apos;una banda, el primer capítol recull les obres relacionades amb el seu pas per l&amp;apos;Escola de Llotja, com les primeres vistes de Barcelona o la sèrie d&amp;apos;Isabel II. Les incursions d&amp;apos;Alsamora en el camp de la litografia són tractades en un segon apartat. El tercer capítol té com a protagonista aquelles obres vinculades amb el món dels jocs òptics i espectacles visuals del segle XIX. Finalment, l&amp;apos;últim apartat engloba les darreres dècades de la seva trajectòria, en les que destaquen la seva participació a les exposicions col·lectives de belles arts.</subfield>
   </datafield>
   <datafield tag="653" ind2=" " ind1=" ">
      <subfield code="a">Alsamora, Onofre, 1825[?]-1880 -- Crítica i interpretació</subfield>
   </datafield>
   <datafield ind2="0" ind1="0" tag="245">
      <subfield code="a">Onofre Alsamora (c.1810-1880). La il·lusió de l&amp;apos;òptica: del retrat urbà a les primeres vistes òptiques de Barcelona del segle XIX</subfield>
   </datafield>
</record></metadata></record></GetRecord></OAI-PMH>